<?xml version="1.0" encoding="UTF-8"?><?xml-stylesheet type="text/xsl" href="static/style.xsl"?><OAI-PMH xmlns="http://www.openarchives.org/OAI/2.0/" xmlns:xsi="http://www.w3.org/2001/XMLSchema-instance" xsi:schemaLocation="http://www.openarchives.org/OAI/2.0/ http://www.openarchives.org/OAI/2.0/OAI-PMH.xsd"><responseDate>2026-04-18T02:07:40Z</responseDate><request verb="GetRecord" identifier="oai:www.recercat.cat:10459.1/468260" metadataPrefix="marc">https://recercat.cat/oai/request</request><GetRecord><record><header><identifier>oai:recercat.cat:10459.1/468260</identifier><datestamp>2025-09-16T05:09:13Z</datestamp><setSpec>com_2072_3622</setSpec><setSpec>col_2072_478537</setSpec></header><metadata><record xmlns="http://www.loc.gov/MARC21/slim" xmlns:dcterms="http://purl.org/dc/terms/" xmlns:xsi="http://www.w3.org/2001/XMLSchema-instance" xmlns:doc="http://www.lyncode.com/xoai" xsi:schemaLocation="http://www.loc.gov/MARC21/slim http://www.loc.gov/standards/marcxml/schema/MARC21slim.xsd">
   <leader>00925njm 22002777a 4500</leader>
   <datafield ind2=" " ind1=" " tag="042">
      <subfield code="a">dc</subfield>
   </datafield>
   <datafield ind2=" " ind1=" " tag="720">
      <subfield code="a">Hincu Barbu, Bogdan Ioan</subfield>
      <subfield code="e">author</subfield>
   </datafield>
   <datafield ind2=" " ind1=" " tag="260">
      <subfield code="c">2025</subfield>
   </datafield>
   <datafield ind2=" " ind1=" " tag="520">
      <subfield code="a">Les cures pal·liatives haurien de centrar-se en millorar la qualitat de vida dels pacients amb malalties en fase terminal i assistir les seves famílies amb les seves necessitats, incloent les demandes emocionals i psicosocials. Les percepcions dels familiars sobre la qualitat assistencial són fonamentals per entendre com guiar futures intervencions efectives. L'objectiu principal d'aquest estudi és "dissenyar i avaluar una intervenció educativa destinada a millorar les habilitats de comunicació i suport emocional entre els
professionals sanitaris per millorar la qualitat percebuda de les cures pal·liatives i la qualitat de vida dels pacients en fase terminal i els seus cuidadors familiars". L'estudi consta de tres fases i utilitza qüestionaris quantitatius validats (Escala FAMCARE-2 i FACITPAL-14), combinats amb tallers formatius que utilitzen tècniques de role-playing i reducció de l'estrès basada en mindfulness (MBSR) per reduir l'estrès emocional entre els professionals participants.</subfield>
   </datafield>
   <datafield ind2=" " ind1=" " tag="520">
      <subfield code="a">Los cuidados paliativos deberían enfocarse en mejorar la calidad de vida de los pacientes con enfermedades en fase terminal y asistir a sus familias con sus necesidades, incluyendo las demandas emocionales y psicosociales. Las percepciones de los familiares
sobre la calidad asistencial son fundamentales para entender cómo guiar futuras intervenciones efectivas. El objetivo principal de este estudio es "diseñar y evaluar una intervención educativa destinada a mejorar las habilidades de comunicación y apoyo
emocional entre los profesionales sanitarios para mejorar la calidad percibida de los cuidados paliativos y la calidad de vida de los pacientes en fase terminal y sus cuidadores familiares". El estudio consta de tres fases y utiliza cuestionarios cuantitativos validados
(Escala FAMCARE-2 y FACIT-PAL-14), combinados con talleres de formación que utilizan técnicas de role-playing y reducción del estrés basada en mindfulness (MBSR) para reducir el estrés emocional entre los profesionales participantes.</subfield>
   </datafield>
   <datafield ind2=" " ind1=" " tag="520">
      <subfield code="a">Palliative care should focus on enhancing patients' quality of life with end-stage diseases and assisting their families with their needs, including emotional and psychosocial demands. Families' perceptions of the quality of care are critical to understanding how to
guide future effective interventions. The main objective of this study is "to design and evaluate an educational intervention to improve communication and emotional support skills among healthcare professionals to enhance the perceived quality of palliative care
and the quality of life of terminally ill patients and their family caregivers." The study consists of three phases and employs validated quantitative questionnaires (FAMCARE-2 Scale and FACIT-PAL-14), combined with training workshops using role-playing and mindfulnessbased stress reduction (MBSR) techniques to reduce emotional stress among participating professionals.</subfield>
   </datafield>
   <datafield tag="653" ind2=" " ind1=" ">
      <subfield code="a">Cures pal·liatives</subfield>
   </datafield>
   <datafield tag="653" ind2=" " ind1=" ">
      <subfield code="a">Perspectives familiars</subfield>
   </datafield>
   <datafield tag="653" ind2=" " ind1=" ">
      <subfield code="a">Qualitat de vida</subfield>
   </datafield>
   <datafield tag="653" ind2=" " ind1=" ">
      <subfield code="a">Cuidados paliativos</subfield>
   </datafield>
   <datafield tag="653" ind2=" " ind1=" ">
      <subfield code="a">Perspectivas familiares</subfield>
   </datafield>
   <datafield tag="653" ind2=" " ind1=" ">
      <subfield code="a">Calidad de vida</subfield>
   </datafield>
   <datafield tag="653" ind2=" " ind1=" ">
      <subfield code="a">Palliative care</subfield>
   </datafield>
   <datafield tag="653" ind2=" " ind1=" ">
      <subfield code="a">Family perspectives</subfield>
   </datafield>
   <datafield tag="653" ind2=" " ind1=" ">
      <subfield code="a">Quality of life</subfield>
   </datafield>
   <datafield ind2="0" ind1="0" tag="245">
      <subfield code="a">Understanding Palliative Care Through Family and Patient Perspectives</subfield>
   </datafield>
</record></metadata></record></GetRecord></OAI-PMH>